|
|
|
|
| LEADER |
01325nam a2200313 a 4500 |
| 001 |
0004976 |
| 003 |
BD-DhAAL |
| 008 |
110811s1986 caua 001 0 eng d |
| 010 |
|
|
|a 87406578
|
| 020 |
|
|
|a 0917704185
|
| 020 |
|
|
|a 0917704177 (pbk.)
|
| 040 |
|
|
|a DLC
|c DLC
|d DLC
|d BD-DhAAL
|
| 082 |
0 |
0 |
|a 338.927
|
| 100 |
1 |
|
|a Darrow, Ken.
|9 58606
|
| 245 |
1 |
0 |
|a Appropriate technology sourcebook :
|b a guide to practical books for village and small community technology /
|c by Ken Darrow, Mike Saxenian.
|
| 250 |
|
|
|a Rev. and enl. ed.
|
| 260 |
|
|
|a Stanford, Calif., USA :
|b Appropriate Technology Project, Volunteers in Asia,
|c c1986.
|
| 300 |
|
|
|a 800 p. :
|b ill. ;
|c 24 cm.
|
| 500 |
|
|
|a Accompanies: Appropriate technology microfiche reference library.
|
| 500 |
|
|
|a Includes index.
|
| 541 |
|
|
|e 0004976
|
| 650 |
|
0 |
|a Appropriate technology.
|
| 700 |
1 |
|
|a Saxenian, Mike.
|9 58607
|
| 710 |
2 |
|
|a Volunteers in Asia, inc.
|b Appropriate Technology Project.
|9 58608
|
| 730 |
0 |
|
|a Appropriate technology microfiche reference library.
|9 58609
|
| 852 |
1 |
|
|a Ayesha Abed Library
|c General Stacks
|
| 942 |
|
|
|2 ddc
|c BK
|
| 999 |
|
|
|c 11195
|d 11195
|
| 952 |
|
|
|0 0
|1 0
|2 ddc
|4 0
|6 338_927000000000000_DAR_1986
|7 0
|9 17817
|a BRACUL
|b BRACUL
|c GEN
|d 2011-08-11
|g 0.00
|l 0
|o 338.927 DAR
|p 3010004976
|r 2011-08-11
|t 1
|w 2011-08-11
|y BK
|z Not price in Register
|x USD 26.95
|